000 00324nas a2200145 a 4500
001 68989
003 142808
005 20201118110605.0
008 960101n1988 ck |||||||| 000 0 spa d
245 0 _aCiencias Sociales - No.1 (1988)
260 _c1988.
562 _e1
773 _016612
_aCiencias Sociales
942 _cSISS
999 _c68989
_d68989